Risultati del Napoli in UEFA Europa League 2018-2019 - Statistics

Statistiche generali
  • Questo quiz è stato fatto 10 volte
  • Il punteggio medio è 4 su 6
Statistiche sulle risposte
Hint Risposta % Corretto
Napoli - Arsenal 0-1
89%
Zurigo - Napoli 1-3
78%
Napoli - Zurigo 2-0
78%
Arsenal - Napoli 2-0
67%
Napoli - Salisburgo 3-0
44%
Salisburgo - Napoli 3-1
44%
Nessun quiz corrispondente trovato
Distribuzione punteggi
Percentuale di utenti per punteggio
Percentile per numero di risposta
I tuoi punteggi nel tempo
Non hai fatto questo quiz